00882nam a2200217 a 4500001001000000003000500010005001700015008004100032010001100073011001100084040000900095100004000104245017000144260004100314500006000355502008000415650002700495650003100522650004100553856007000594000114944CHAP20220329144505.0180814s2018 mx a sm |||||||spa d a111405 a112377 cCHAP1 aQuirino Cuevas, Mónica Elizabeth.10aCa2+ en la solución nutritiva y diferentes sustratos en Cala Lily amarilla (Zantedeschia Elliottiana Engly) /h[En línea]cpor Mónica Elizabeth Quirino Cuevas. aChapingo, Méx. :bEl autor,c2018. aPara ver el contenido del material haga clic en la liga aTesis ( Agr. en Horticultura Protegida) -- UACH. Departamento de Fitotecnia14aAlcatrazxFloración.14aCalcioxEfecto en plantas.14aSoluciones nutritivasxAplicación. aFinding aiduhttp://10.13.5.2/tesis/sist114944.pdfzTeclea aquí